000 00342nam a22001457a 4500
008 221212b ||||| |||| 00| 0 eng d
020 _a9781284126372
041 _aeng
080 _2SIXTH EDITION
_a610.73
082 _a610.73 MIL
100 _a8
101 _aINF
245 _aHEALTH POLICY AND POLITICS
_cMILSTEAD.A.J
942 _2udc
_cBK
999 _c59162
_d59162